Advanced strength of materials (Record no. 6074)

000 -LEADER
fixed length control field 00525nam a2200193 4500
001 - CONTROL NUMBER
control field 6074
003 - CONTROL NUMBER IDENTIFIER
control field BD-DhHUET
008 - FIXED-LENGTH DATA ELEMENTS--GENERAL INFORMATION
fixed length control field 790809s1952 nyua 001 0 eng
020 ## - INTERNATIONAL STANDARD BOOK NUMBER
International Standard Book Number 070164002
040 ## - CATALOGING SOURCE
Original cataloging agency DLC
Transcribing agency DLC
Modifying agency BD-DhHUET
082 ## - DEWEY DECIMAL CLASSIFICATION NUMBER
Classification number 620.11
Item number DEN/1952
100 1# - MAIN ENTRY--PERSONAL NAME
Personal name Den Hartog, J. P.
245 10 - TITLE STATEMENT
Title Advanced strength of materials
Statement of responsibility, etc. by Den Hartog, J. P.
250 ## - EDITION STATEMENT
Edition statement 1st ed.
260 ## - PUBLICATION, DISTRIBUTION, ETC. (IMPRINT)
Place of publication, distribution, etc. New York
Name of publisher, distributor, etc. McGraw-Hill
Date of publication, distribution, etc. 1952
300 ## - PHYSICAL DESCRIPTION
Extent ix,379 p.
Other physical details illus.
Dimensions 24 cm.
650 #0 - SUBJECT ADDED ENTRY--TOPICAL TERM
Topical term or geographic name as entry element Strength of materials: engineering
942 ## - ADDED ENTRY ELEMENTS (KOHA)
Koha item type General Book
Holdings
Koha date last seen Date acquired Sublocation or collection (holding branch) Source of classification or shelving scheme Not for loan Shelving location Withdrawn status Koha normalized classification for sorting Piece designation (barcode) Price effective from Koha full call number Copy number Koha item type Location (home branch) Damaged status Lost status
2014-11-302014-11-30Central Library, BUET  Circulation section 620_000000000000000_11DEN1952879252014-11-30620.11/DEN/19521General BookCentral Library, BUET  
2015-04-232015-04-23Central Library, BUET  Circulation section 620_110000000000000_DEN_1952299062015-04-23620.11/DEN/19522General BookCentral Library, BUET  
2015-04-232015-04-23Central Library, BUET  Circulation section 620_110000000000000_DEN_1952299012015-04-23620.11/DEN/19523General BookCentral Library, BUET  
2015-04-232015-04-23Central Library, BUET  Circulation section 620_110000000000000_DEN_1952347602015-04-23620.11/DEN/19524General BookCentral Library, BUET  
2015-04-232015-04-23Central Library, BUET  Circulation section 620_110000000000000_DEN_1952299032015-04-23620.11/DEN/19525General BookCentral Library, BUET  
2015-04-232015-04-23Central Library, BUET  Circulation section 620_110000000000000_DEN_1952347612015-04-23620.11/DEN/19526General BookCentral Library, BUET  
2015-04-232015-04-23Central Library, BUET  Circulation section 620_110000000000000_DEN_1952299082015-04-23620.11/DEN/19527General BookCentral Library, BUET  
2015-04-232015-04-23Central Library, BUET  Circulation section 620_110000000000000_DEN_1952299052015-04-23620.11/DEN/19528General BookCentral Library, BUET  
2015-04-232015-04-23Central Library, BUET  Circulation section 620_110000000000000_DEN_1952299042015-04-23620.11/DEN/19529General BookCentral Library, BUET  
2015-04-252015-04-25Central Library, BUET  Circulation section 620_110000000000000_DEN_1952347622015-04-25620.11/DEN/195210General BookCentral Library, BUET  
2015-04-252015-04-25Central Library, BUET  Circulation section 620_110000000000000_DEN_1952299072015-04-25620.11/DEN/195211General BookCentral Library, BUET